|
|
|
|
| LEADER |
00000cam a2200000 i 4500 |
| 001 |
1/31941 |
| 008 |
941103s1993 gr | ||| |||| ||gre|| |
| 020 |
|
|
|a 9602780304
|
| 035 |
|
|
|a 1995
|l 10038965
|
| 035 |
|
|
|a 1995
|b 1
|c Μικιόζος
|
| 040 |
|
|
|a GR-MyUA
|b gre
|e AACR2
|
| 041 |
1 |
|
|a gre
|h ger
|
| 082 |
0 |
|
|a 796.077
|
| 100 |
1 |
|
|a Zintl, Fritz.
|
| 245 |
1 |
0 |
|a Προπόνηση αντοχής /
|c Fritz Zintl ; επιμέλεια Σπύρος Κέλλης, Βασίλης Γουργούλης.
|
| 260 |
|
|
|a Θεσσαλονίκη :
|b Salto,
|c 1993.
|
| 300 |
|
|
|a 235 σ. ;
|c 21 εκ.
|
| 500 |
|
|
|a Θεωρητικές βάσεις, Μεθοδολογία, Καθοδήγηση, Ρύθμιση της προπόνησης
|
| 500 |
|
|
|a Τίτλος πρωτοτύπου: Ausdauertraining
|
| 504 |
|
|
|a Περιλαμβάνει βιβλιογραφικό οδηγό και ευρετήριο όρων.
|
| 650 |
0 |
0 |
|a Endurance sports
|x Training.
|
| 650 |
0 |
0 |
|a Coaching (Athletics)
|
| 700 |
1 |
|
|a Γουργούλης, Βασίλης,
|e trl
|
| 700 |
1 |
|
|a Κέλλης, Σπύρος,
|e edt
|
| 852 |
|
|
|a INST
|b RHODES
|e 19960904
|h 796.077 ZIN
|p 005400007326
|q 005400007326
|t BK
|y 0
|
| 852 |
|
|
|a INST
|b SAMOS
|e 19941103
|h 796.077 ZIN
|p 005300006490
|q 005300006490
|t BK
|y 0
|
| 852 |
|
|
|a INST
|b SAMOS
|e 19950302
|h 796.077 ZIN
|p 005300007101
|q 005300007101
|t BK
|y 0
|
| 909 |
|
|
|a Σ
|b 035373
|
| 909 |
|
|
|a Σ
|b 033759
|
| 909 |
|
|
|a Ρ
|b 040052
|
| 922 |
|
|
|a 4ΕΛΗ
|b 199503
|c ΜΙΚΙΟΖΟΣ
|
| 970 |
|
|
|a ΧΟΡΟΖΙΔΟΥ
|b ΤΖΕΝΗ
|z 1999/11/19
|